000 00957nam a22002897a 4500
003 CHAP
005 20220817042424.0
008 971013s1994 r 00010 d
010 _a44224
011 _a45196
035 _a49335
040 _cCHAP
082 _a635.653
_bS5
100 0 0 _aSilim, S. N.
_eed.
_9105943
245 _aImprovement of pigeonpea in eastern and southern Africa
_b: annual research planning meeting, 1993
260 _aAndhra, Pradesh, India :
_bInternational Crops Research Institute for the Semi-Arid Tropics,
_c1994
300 _a146 p.
590 _aBATCH-UPD
_b10
_c20130110
_lUCH01
_h1450
590 _aCONVERSION
_b10
_c20130109
_lUCH01
_h1324
650 1 4 _aCajanus indicus.
650 1 4 _aLeguminosas
_xMejoramiento.
_965838
700 0 _aSingh, Laxman
_eed.
_9106624
700 0 _aTuwafe, S.
_eed.
_9115709
901 _aBK
942 _cLIBRO
949 _a635.653 S5
_bBC
_cLIBRO
_d33724000010781
_eLIBRO
_h89358
_i49335
_mD
_si
999 _c44224
_d44224